000 00373nam a2200145Ia 4500
008 240624s9999 xx 000 0 und d
041 _aeng
082 _a658.4063 GOO
100 _aGOODMAN MALCOLM
245 _aCREATIVITY AND STRATEGIC INNOVATION MANA
250 _a(2nd ed.)
260 _c2017
_aLondon
_bRoutledge
300 _axxv, 325 p.; 25 cm.
365 _cBPS
_b31
999 _c30078
_d30078